000 00761nam a2200217Ia 4500
003 GCL
008 140319s9999 xx 000 0 ara d
040 _aGCL /
_cGCL
082 0 4 _a953.122
_bع ح
100 1 _aعلى السيد على
245 1 0 _aالحياة الثقافية فى المدينة المنورة عصر سلاطين المماليك 923-642 ه /
_cعلى السيد على
260 _a[S.N] :
_bعين للدراسات والبحوث الانسانية والاجتماعية ،
_c1994
300 _a304 ص
490 _a
650 0 4 _aتاريخ
650 0 4 _aالعصر المملوكى
650 0 4 _aالثقافة الاسلامية
650 0 4 _aالثقافة
650 0 4 _aالمدينة المنورة
942 _2ddc
_cBK
999 _c28065
_d28065